[Event "Liga Madrileña - DH 2016-2017"]
[Site "Madrid ESP"]
[Date "2017.03.11"]
[Round "13.14"]
[White "Gonzalez Rivera, Eduardo"]
[Black "Lopez del Alamo, Antonio"]
[Result "0-1"]
[WhiteElo "2040"]
[BlackElo "2245"]
[PlyCount "80"]
[EventDate "2016.11.20"]
[EventType "team-tourn"]
[EventRounds "14"]
[EventCountry "ESP"]
[SourceTitle "Ajedrez en Madrid"]
[Source "lmi"]
[SourceDate "2016.11.20"]
[WhiteTeam "Moratalaz"]
[BlackTeam "64 Villalba"]

1. e4 c5 2. Nf3 e6 3. d4 cxd4 4. Nxd4 Nf6 5. Nc3 d6 6. Be3 a6 7. f3 b5 8. Bd3
Nbd7 9. Qd2 Bb7 10. O-O-O Rc8 11. Kb1 Nb6 12. Qf2 Nfd7 13. h4 Rxc3 14. bxc3 Qc7
15. Ne2 Na4 16. Bc1 Be7 17. Bg5 f6 18. Bd2 O-O 19. Nd4 Ndc5 20. Rhe1 Re8 21.
Nb3 Nb6 22. Nxc5 dxc5 23. e5 f5 24. g4 c4 25. Bf1 fxg4 26. fxg4 Rf8 27. Qh2 Nd5
28. Bg2 Rf2 29. Rg1 Rxd2 30. Rxd2 Nxc3+ 31. Kb2 Qa5 32. Rd8+ Bxd8 33. Bxb7 Be7
34. Kc1 Qd8 35. Kb2 Qd4 36. Rg3 Na4+ 37. Kc1 Bb4 38. c3 Nxc3 39. Rxc3 Qxc3+ 40.
Kb1 Ba3 0-1

[Event "Liga Madrileña - DH 2016-2017"]
[Site "Madrid ESP"]
[Date "2017.03.11"]
[Round "13.15"]
[White "Cabañas Jimenez, Andres"]
[Black "Garcia Gonzalez, Jesus"]
[Result "1/2-1/2"]
[WhiteElo "2236"]
[BlackElo "2033"]
[PlyCount "74"]
[EventDate "2016.11.20"]
[EventType "team-tourn"]
[EventRounds "14"]
[EventCountry "ESP"]
[SourceTitle "Ajedrez en Madrid"]
[Source "lmi"]
[SourceDate "2016.11.20"]
[WhiteTeam "64 Villalba"]
[BlackTeam "Moratalaz"]

1. e4 e5 2. Nf3 Nc6 3. c3 f5 4. d4 fxe4 5. Nxe5 Qf6 6. Ng4 Qg6 7. Bf4 d6 8. Ne3
Nf6 9. Be2 Be7 10. Qb3 Bd7 11. Nd2 Nd8 12. Bg3 c6 13. Ndc4 Be6 14. a4 O-O 15.
O-O Nh5 16. Bxh5 Qxh5 17. Qc2 d5 18. Ne5 Nf7 19. Qd1 Qg5 20. h4 Qh6 21. N3g4
Bxg4 22. Nxg4 Qe6 23. Qe2 Nh6 24. Ne3 Nf5 25. Qg4 Qc8 26. Be5 g6 27. Nxf5 Qxf5
28. Qxf5 Rxf5 29. g3 Kf7 30. Kg2 Rf3 31. Rae1 Ke6 32. Re3 Raf8 33. Bf4 Rxe3 34.
fxe3 h5 35. Rg1 Kf5 36. Kh3 Rh8 37. Rf1 Ke6 1/2-1/2

[Event "Liga Madrileña - DH 2016-2017"]
[Site "Madrid ESP"]
[Date "2017.03.11"]
[Round "13.16"]
[White "Garcia Ruido, Ricardo"]
[Black "Veganzonez Rojo, David"]
[Result "0-1"]
[WhiteElo "2000"]
[BlackElo "2117"]
[PlyCount "142"]
[EventDate "2016.11.20"]
[EventType "team-tourn"]
[EventRounds "14"]
[EventCountry "ESP"]
[SourceTitle "Ajedrez en Madrid"]
[Source "lmi"]
[SourceDate "2016.11.20"]
[WhiteTeam "Moratalaz"]
[BlackTeam "64 Villalba"]

1. d4 d5 2. c4 c6 3. Nf3 Nf6 4. Nc3 e6 5. g3 dxc4 6. Bg2 b5 7. O-O Bb7 8. e4
Nbd7 9. e5 Nd5 10. Ng5 h6 11. Nxe6 fxe6 12. Qh5+ Ke7 13. Bg5+ hxg5 14. Qxh8 Qe8
15. Ne4 Kd8 16. Nxg5 Kc7 17. Bh3 Kb6 18. Nxe6 Qf7 19. Qh7 Re8 20. Nxf8 Nxf8 21.
Qe4 Ne6 22. Bg2 g5 23. a4 a5 24. Rfd1 b4 25. Qc2 Ba6 26. Qe4 Rf8 27. Rd2 Qh5
28. h3 Rg8 29. Re1 Qh6 30. Rdd1 Rf8 31. Rc1 Qg7 32. Red1 Qf7 33. Rd2 Rh8 34.
Rcd1 Qh5 35. Re1 Qf7 36. Rc1 Rf8 37. Re1 Bb7 38. Qc2 Ba6 39. Qe4 Qf5 40. Qxf5
Rxf5 41. h4 Rf8 42. hxg5 Nxg5 43. f4 Ne6 44. Red1 Bc8 45. Rc1 Ba6 46. Bf1 c3
47. bxc3 Nxc3 48. Bxa6 Kxa6 49. Kf2 Kb6 50. Ke3 Nc7 51. Ra1 N7d5+ 52. Kd3 Rg8
53. f5 Rxg3+ 54. Kc2 Ne3+ 55. Kb3 Nxf5 56. Kb2 Re3 57. Rf1 Nxa4+ 58. Kc1 Ne7
59. Rf7 Nd5 60. Rh2 Re4 61. Rh6 Rxd4 62. Rd7 Nc5 63. Rdd6 Nd3+ 64. Kb1 Nxe5 65.
Rde6 Nc3+ 66. Kc2 Rd5 67. Rh5 Nc4 68. Rxd5 Nxd5 69. Kb3 Kb5 70. Re8 a4+ 71. Ka2
b3+ 0-1

[Event "Liga Madrileña - DH 2016-2017"]
[Site "Madrid ESP"]
[Date "2017.03.12"]
[Round "13.21"]
[White "Candela Perez, Jose"]
[Black "Valles Moreno, Ivan"]
[Result "1/2-1/2"]
[WhiteElo "2400"]
[BlackElo "2438"]
[PlyCount "106"]
[EventDate "2016.11.20"]
[EventType "team-tourn"]
[EventRounds "14"]
[EventCountry "ESP"]
[SourceTitle "Ajedrez en Madrid"]
[Source "lmi"]
[SourceDate "2016.11.20"]
[WhiteTeam "La Casa del Ajedrez"]
[BlackTeam "Liberty Chess"]

1. d4 Nf6 2. Nf3 g6 3. g3 Bg7 4. Bg2 O-O 5. O-O d6 6. c4 c6 7. Nc3 Qa5 8. e4 e5
9. h3 Nbd7 10. Re1 exd4 11. Nxd4 Ne5 12. Bf1 Qb6 13. Nb3 Be6 14. Be3 c5 15. Nd5
Bxd5 16. exd5 Rae8 17. Kg2 Re7 18. Qd2 Ne4 19. Qa5 Rfe8 20. Qxb6 axb6 21. a4
Nd7 22. Bc1 f5 23. a5 bxa5 24. Rxa5 Ne5 25. Ra7 h5 26. f3 Nxf3 27. Kxf3 Ng5+
28. Bxg5 Rxe1 29. Nd2 Bxb2 30. Rxb7 Bc3 31. Kf2 Bd4+ 32. Kg2 Ra8 33. Rb1 Rxb1
34. Nxb1 Ra2+ 35. Kh1 Rb2 36. Nd2 Be5 37. g4 fxg4 38. hxg4 hxg4 39. Be3 Kg7 40.
Kg1 Ra2 41. Kf2 Bc3 42. Ke2 Kf6 43. Kd3 Bxd2 44. Bxd2 Kf5 45. Ke3 Ra3+ 46. Bd3+
Kg5 47. Be1 Kf6 48. Bg3 Ke7 49. Bf4 Rb3 50. Kd2 Rb2+ 51. Ke3 Rb3 52. Kd2 Rb2+
53. Ke3 Rb3 1/2-1/2

[Event "Liga Madrileña - DH 2016-2017"]
[Site "Madrid ESP"]
[Date "2017.03.12"]
[Round "13.22"]
[White "Perez Gonzalez, Jose Manuel"]
[Black "Suarez Uriel, Adrian"]
[Result "1-0"]
[WhiteElo "2322"]
[BlackElo "2354"]
[PlyCount "85"]
[EventDate "2016.11.20"]
[EventType "team-tourn"]
[EventRounds "14"]
[EventCountry "ESP"]
[SourceTitle "Ajedrez en Madrid"]
[Source "lmi"]
[SourceDate "2016.11.20"]
[WhiteTeam "Liberty Chess"]
[BlackTeam "La Casa del Ajedrez"]

1. e4 c5 2. Nf3 Nc6 3. d4 cxd4 4. Nxd4 g6 5. Nc3 Bg7 6. Be3 Nf6 7. Bc4 O-O 8.
Bb3 Qa5 9. f3 d5 10. exd5 Nb4 11. Qd2 Rd8 12. O-O-O e5 13. Nde2 Bd7 14. a3 Na6
15. Ne4 Qc7 16. N2c3 Nxe4 17. Nxe4 Be8 18. g4 Rd6 19. g5 Rc8 20. h4 Bd7 21. c3
b5 22. Bc2 Bf8 23. Kb1 Bf5 24. Nxd6 Bxc2+ 25. Qxc2 Bxd6 26. Qe4 Qe7 27. Qd3 Rc4
28. h5 Qd7 29. hxg6 fxg6 30. Rh6 Bf8 31. d6 Bxh6 32. Qd5+ Kf8 33. gxh6 Nb8 34.
Qxe5 Kg8 35. Bd4 Qf5+ 36. Qxf5 gxf5 37. Bxa7 Nd7 38. Re1 Kf8 39. Re7 Nf6 40.
Bd4 Rc6 41. Bxf6 Rxd6 42. Bg5 Rg6 43. Rg7 1-0

[Event "Liga Madrileña - DH 2016-2017"]
[Site "Madrid ESP"]
[Date "2017.03.12"]
[Round "13.23"]
[White "Rojo Huerta, Gabriel"]
[Black "Gallardo Garcia, Andres"]
[Result "1-0"]
[WhiteElo "2356"]
[BlackElo "2327"]
[PlyCount "57"]
[EventDate "2016.11.20"]
[EventType "team-tourn"]
[EventRounds "14"]
[EventCountry "ESP"]
[SourceTitle "Ajedrez en Madrid"]
[Source "lmi"]
[SourceDate "2016.11.20"]
[WhiteTeam "La Casa del Ajedrez"]
[BlackTeam "Liberty Chess"]

1. d4 Nf6 2. c4 e6 3. Nf3 b6 4. a3 Bb7 5. Nc3 d5 6. cxd5 Nxd5 7. Bd2 Nd7 8. Qc2
N5f6 9. g3 c5 10. dxc5 Bxc5 11. b4 Be7 12. Bg2 O-O 13. O-O a5 14. Qb2 axb4 15.
axb4 Qc7 16. Nb5 Qc4 17. Nbd4 Be4 18. Rfc1 Qd5 19. Nc6 Bd6 20. b5 Rfe8 21. h3
Bc5 22. Bb4 Rxa1 23. Rxa1 h6 24. Qc3 Qd6 25. Bxc5 Nxc5 26. Nfe5 Bxc6 27. Bxc6
Nce4 28. Qb2 Qc5 29. Nd3 1-0

[Event "Liga Madrileña - DH 2016-2017"]
[Site "Madrid ESP"]
[Date "2017.03.12"]
[Round "13.24"]
[White "Garcia Cuenca, Victor Manuel"]
[Black "Gallego Jimenez, Victoriano"]
[Result "0-1"]
[WhiteElo "2339"]
[BlackElo "2364"]
[PlyCount "52"]
[EventDate "2016.11.20"]
[EventType "team-tourn"]
[EventRounds "14"]
[EventCountry "ESP"]
[SourceTitle "Ajedrez en Madrid"]
[Source "lmi"]
[SourceDate "2016.11.20"]
[WhiteTeam "Liberty Chess"]
[BlackTeam "La Casa del Ajedrez"]

1. d4 e6 2. c4 Nf6 3. Nc3 c5 4. d5 exd5 5. cxd5 d6 6. Nf3 g6 7. Nd2 Nbd7 8. e4
a6 9. a4 Bg7 10. Be2 O-O 11. f4 Re8 12. O-O Rb8 13. Kh1 Qc7 14. a5 b5 15. axb6
Nxb6 16. Qc2 Nfxd5 17. exd5 Bxc3 18. bxc3 Rxe2 19. c4 Qe7 20. Ra3 Re1 21. Raf3
Bg4 22. Rxe1 Qxe1+ 23. Rf1 Qe2 24. Qc3 Nxc4 25. Qg3 Nxd2 26. Re1 Ne4 0-1

[Event "Liga Madrileña - DH 2016-2017"]
[Site "Madrid ESP"]
[Date "2017.03.12"]
[Round "13.25"]
[White "Bass, Leonid"]
[Black "Sanchez Gonzalez, Sergio"]
[Result "1-0"]
[WhiteElo "2368"]
[BlackElo "2282"]
[PlyCount "73"]
[EventDate "2016.11.20"]
[EventType "team-tourn"]
[EventRounds "14"]
[EventCountry "ESP"]
[SourceTitle "Ajedrez en Madrid"]
[Source "lmi"]
[SourceDate "2016.11.20"]
[WhiteTeam "La Casa del Ajedrez"]
[BlackTeam "Liberty Chess"]

1. d4 Nf6 2. Nf3 e6 3. c4 d5 4. e3 a6 5. a3 dxc4 6. Bxc4 c5 7. dxc5 Qxd1+ 8.
Kxd1 Bxc5 9. b4 Be7 10. Bb2 b5 11. Bd3 Bb7 12. Nbd2 Nbd7 13. Ke2 O-O 14. Rhc1
Rac8 15. e4 Nb6 16. Bd4 Nfd7 17. Ne5 Bd6 18. Nxd7 Nxd7 19. Nb3 Ne5 20. Bc5 Rcd8
21. Rd1 Nxd3 22. Rxd3 Be5 23. Bxf8 Rxd3 24. Kxd3 Bxa1 25. Nxa1 Kxf8 26. Kd4 Ke7
27. Nb3 Kd6 28. f4 Bc8 29. h4 f6 30. e5+ Kc6 31. g4 h6 32. Nc5 f5 33. gxf5 exf5
34. h5 Bd7 35. Nxd7 Kxd7 36. Kd5 Ke7 37. e6 1-0

[Event "Liga Madrileña - DH 2016-2017"]
[Site "Madrid ESP"]
[Date "2017.03.12"]
[Round "13.31"]
[White "Granda Zuniga, Julio E"]
[Black "Almagro Llamas, Pablo"]
[Result "1-0"]
[WhiteElo "2646"]
[BlackElo "2446"]
[PlyCount "59"]
[EventDate "2016.11.20"]
[EventType "team-tourn"]
[EventRounds "14"]
[EventCountry "ESP"]
[SourceTitle "Ajedrez en Madrid"]
[Source "lmi"]
[SourceDate "2016.11.20"]
[WhiteTeam "Collado Villalba"]
[BlackTeam "Virgen de Atocha"]

1. Nf3 Nf6 2. g3 g6 3. Bg2 Bg7 4. O-O O-O 5. c4 d6 6. d4 Nbd7 7. Nc3 e5 8. e4
exd4 9. Nxd4 Re8 10. Re1 Nc5 11. f3 Nfd7 12. Be3 Ne5 13. Bf1 f5 14. exf5 gxf5
15. Bf2 Bd7 16. Nd5 c6 17. Nf4 Qg5 18. b4 Na6 19. Rb1 c5 20. Nb5 Bc6 21. Nd5
Qh5 22. Be2 Nxb4 23. Nxd6 Red8 24. Bxc5 Bxd5 25. cxd5 Nxa2 26. Rxb7 Nd7 27. Bd4
Bxd4+ 28. Qxd4 Qg6 29. Qf4 Nc5 30. Nxf5 1-0

[Event "Liga Madrileña - DH 2016-2017"]
[Site "Madrid ESP"]
[Date "2017.03.12"]
[Round "13.32"]
[White "Espinosa Aranda, Angel"]
[Black "Vazquez Igarza, Renier"]
[Result "0-1"]
[WhiteElo "2442"]
[BlackElo "2566"]
[PlyCount "100"]
[EventDate "2016.11.20"]
[EventType "team-tourn"]
[EventRounds "14"]
[EventCountry "ESP"]
[SourceTitle "Ajedrez en Madrid"]
[Source "lmi"]
[SourceDate "2016.11.20"]
[WhiteTeam "Virgen de Atocha"]
[BlackTeam "Collado Villalba"]

1. e4 c5 2. Nf3 e6 3. g3 Nc6 4. Bg2 Nf6 5. Qe2 e5 6. O-O d6 7. c3 Be7 8. Rd1
O-O 9. d4 Qc7 10. Na3 cxd4 11. cxd4 Bg4 12. Nb5 Qb8 13. Bg5 a6 14. dxe5 dxe5
15. Bxf6 Bxf6 16. Nc3 Be7 17. Nd5 Bc5 18. Qc2 Qa7 19. Rac1 Bd4 20. h3 Be6 21.
Qd2 Rad8 22. Nxd4 Nxd4 23. Kh1 Qb8 24. f4 f6 25. fxe5 fxe5 26. Rf1 h6 27. Kh2
Qd6 28. Qb4 Qxb4 29. Nxb4 Rxf1 30. Rxf1 Rf8 31. Rxf8+ Kxf8 32. a3 Bc4 33. g4
Ke7 34. Kg3 Kd6 35. Kh4 a5 36. Nd5 Bxd5 37. exd5 Ne2 38. g5 Nf4 39. Bf3 hxg5+
40. Kxg5 Nxh3+ 41. Kg6 Nf4+ 42. Kxg7 a4 43. Be4 b5 44. Kf6 Nxd5+ 45. Kf5 Ne3+
46. Kf6 Nc4 47. Bg6 Nxb2 48. Be8 b4 49. axb4 a3 50. Bf7 e4 0-1

[Event "Liga Madrileña - DH 2016-2017"]
[Site "Madrid ESP"]
[Date "2017.03.12"]
[Round "13.34"]
[White "Plazuelo Pascual, Juan"]
[Black "Gascon del Nogal, Jose Rafael"]
[Result "0-1"]
[WhiteElo "2307"]
[BlackElo "2442"]
[PlyCount "90"]
[EventDate "2016.11.20"]
[EventType "team-tourn"]
[EventRounds "14"]
[EventCountry "ESP"]
[SourceTitle "Ajedrez en Madrid"]
[Source "lmi"]
[SourceDate "2016.11.20"]
[WhiteTeam "Virgen de Atocha"]
[BlackTeam "Collado Villalba"]

1. d4 Nf6 2. c4 e6 3. Nc3 Bb4 4. Qc2 O-O 5. Nf3 d5 6. cxd5 exd5 7. Bf4 c5 8.
dxc5 Nc6 9. e3 d4 10. O-O-O Bxc5 11. exd4 Bd6 12. Bxd6 Qxd6 13. d5 Nb4 14. Qb3
Bf5 15. Rd4 a5 16. a3 Bc2 17. Qc4 Rfc8 18. Qb5 Bf5 19. axb4 Bd7 20. Qxb7 Rcb8
21. Qxb8+ Qxb8 22. bxa5 Rxa5 23. Kc2 Ng4 24. Rd2 Qb6 25. Bd3 Nxf2 26. Re1 Nxd3
27. Rxd3 h6 28. Nd4 Qg6 29. Re2 Kh7 30. Kd2 Bc8 31. Nc6 Ra1 32. Rg3 Qd6 33. Rf2
f6 34. Kc2 Qc5 35. Rff3 Bd7 36. Re3 Bf5+ 37. Kd2 Qc4 38. Rgf3 Bg6 39. Ne7 Qd4+
40. Ke2 Bh5 41. Nf5 Qc4+ 42. Kd2 Bxf3 43. Rxf3 Qb3 44. d6 Qxb2+ 45. Kd3 Ra3 0-1

[Event "Liga Madrileña - DH 2016-2017"]
[Site "Madrid ESP"]
[Date "2017.03.12"]
[Round "13.35"]
[White "Martin Duque, Jesus"]
[Black "Rabadan Velasco, Raul"]
[Result "1-0"]
[WhiteElo "2312"]
[BlackElo "2230"]
[PlyCount "55"]
[EventDate "2016.11.20"]
[EventType "team-tourn"]
[EventRounds "14"]
[EventCountry "ESP"]
[SourceTitle "Ajedrez en Madrid"]
[Source "lmi"]
[SourceDate "2016.11.20"]
[WhiteTeam "Collado Villalba"]
[BlackTeam "Virgen de Atocha"]

1. e4 d6 2. d4 g6 3. Nc3 Bg7 4. Be3 a6 5. Qd2 b5 6. a4 b4 7. Nd1 a5 8. c3 Nf6
9. f3 bxc3 10. bxc3 O-O 11. Bd3 Nbd7 12. Ne2 c5 13. O-O Qc7 14. Nf2 Nb6 15. Bb5
Bd7 16. e5 Nfd5 17. dxc5 dxc5 18. Bxd7 Nxe3 19. Qxe3 Qxd7 20. Qe4 Qe6 21. f4
Rfd8 22. Rfd1 Nc4 23. Ng3 Rxd1+ 24. Rxd1 Nb6 25. Rb1 Rd8 26. Rb5 Nc4 27. Nf1
Qd5 28. Rb8 1-0

[Event "Liga Madrileña - DH 2016-2017"]
[Site "Madrid ESP"]
[Date "2017.03.12"]
[Round "13.36"]
[White "Vazquez Torres, Adrian"]
[Black "Ortega Ruiz, Jose Miguel"]
[Result "0-1"]
[WhiteElo "2223"]
[BlackElo "2233"]
[PlyCount "115"]
[EventDate "2016.11.20"]
[EventType "team-tourn"]
[EventRounds "14"]
[EventCountry "ESP"]
[SourceTitle "Ajedrez en Madrid"]
[Source "lmi"]
[SourceDate "2016.11.20"]
[WhiteTeam "Virgen de Atocha"]
[BlackTeam "Collado Villalba"]

1. e4 e5 2. d4 exd4 3. Nf3 Nc6 4. Nxd4 Nf6 5. Nxc6 bxc6 6. Bd3 d5 7. e5 Ne4 8.
Bxe4 dxe4 9. Qxd8+ Kxd8 10. Bg5+ Ke8 11. Nd2 h6 12. Be3 Bf5 13. Nb3 f6 14.
O-O-O fxe5 15. Na5 Bg4 16. Rde1 Kd7 17. h3 Bh5 18. g4 Be8 19. Rd1+ Ke6 20. a3
Be7 21. Rhe1 Rf8 22. Nb3 Rf3 23. h4 Bxh4 24. Nc5+ Kf7 25. Nxe4 Kg6 26. Re2 Bf7
27. g5 hxg5 28. Bxg5 Bxg5+ 29. Nxg5 Rf5 30. Nxf7 Rxf7 31. Rxe5 Rxf2 32. Re7 Rf7
33. Rxf7 Kxf7 34. Rd7+ Kf6 35. Rxc7 g5 36. Rxc6+ Kf5 37. Kd2 Kf4 38. Rf6+ Kg3
39. c4 g4 40. c5 Kg2 41. Ke3 g3 42. c6 Rd8 43. Rg6 Kh2 44. Kf3 Rd3+ 45. Ke4 Rd2
46. Rh6+ Kg1 47. Rh8 Rc2 48. Kd5 Rd2+ 49. Ke6 Re2+ 50. Kd7 Rd2+ 51. Ke6 Re2+
52. Kd6 Rd2+ 53. Kc5 Rc2+ 54. Kd6 Rd2+ 55. Ke7 Re2+ 56. Kd7 Rd2+ 57. Kc7 Rxb2
58. Rb8 0-1

[Event "Liga Madrileña - DH 2016-2017"]
[Site "Madrid ESP"]
[Date "2017.03.12"]
[Round "13.41"]
[White "Moreno Ibanez, Miguel"]
[Black "Bolado Saez, Sergio"]
[Result "0-1"]
[WhiteElo "2286"]
[BlackElo "2370"]
[PlyCount "36"]
[EventDate "2016.11.20"]
[EventType "team-tourn"]
[EventRounds "14"]
[EventCountry "ESP"]
[SourceTitle "Ajedrez en Madrid"]
[Source "lmi"]
[SourceDate "2016.11.20"]
[WhiteTeam "Pueblo Nuevo"]
[BlackTeam "Blanco y Negro"]

1. e4 c5 2. Nf3 d6 3. d4 Nf6 4. Nc3 cxd4 5. Qxd4 e5 6. Bb5+ Nbd7 7. Qd3 h6 8.
Be3 Be7 9. O-O-O a6 10. Bxd7+ Bxd7 11. h3 Be6 12. Nh4 g6 13. g3 Qa5 14. f4 Rc8
15. Nf3 Bc4 16. Qd2 Bxa2 17. g4 Be6 18. Qd3 Bc4 0-1

[Event "Liga Madrileña - DH 2016-2017"]
[Site "Madrid ESP"]
[Date "2017.03.12"]
[Round "13.42"]
[White "Alarcia Astiz, Carlos"]
[Black "Fernandez Lledo, Javier"]
[Result "1-0"]
[WhiteElo "2331"]
[BlackElo "2239"]
[PlyCount "43"]
[EventDate "2016.11.20"]
[EventType "team-tourn"]
[EventRounds "14"]
[EventCountry "ESP"]
[SourceTitle "Ajedrez en Madrid"]
[Source "lmi"]
[SourceDate "2016.11.20"]
[WhiteTeam "Blanco y Negro"]
[BlackTeam "Pueblo Nuevo"]

1. d4 Nf6 2. c4 e6 3. Nf3 d5 4. e3 dxc4 5. Bxc4 a6 6. O-O b5 7. Be2 Bb7 8. a4
b4 9. a5 Qd5 10. Nbd2 Nbd7 11. Ne1 e5 12. Qc2 e4 13. f3 Bd6 14. fxe4 Qg5 15.
Ndf3 Bxh2+ 16. Kxh2 Qh6+ 17. Kg1 Nxe4 18. Qxc7 Rc8 19. Qxb7 Rc6 20. Ne5 Nxe5
21. Qb8+ Kd7 22. Qxe5 1-0

[Event "Liga Madrileña - DH 2016-2017"]
[Site "Madrid ESP"]
[Date "2017.03.12"]
[Round "13.43"]
[White "Baigorri Navarro, Francisco Javier"]
[Black "Renteria Becerra, Jorge Elicer"]
[Result "1/2-1/2"]
[WhiteElo "2192"]
[BlackElo "2226"]
[PlyCount "51"]
[EventDate "2016.11.20"]
[EventType "team-tourn"]
[EventRounds "14"]
[EventCountry "ESP"]
[SourceTitle "Ajedrez en Madrid"]
[Source "lmi"]
[SourceDate "2016.11.20"]
[WhiteTeam "Pueblo Nuevo"]
[BlackTeam "Blanco y Negro"]

1. Nf3 g6 2. c4 Bg7 3. Nc3 e5 4. d4 exd4 5. Nxd4 Nc6 6. e3 Nf6 7. Be2 O-O 8.
O-O d6 9. b3 Re8 10. Bb2 Nxd4 11. exd4 d5 12. cxd5 Nxd5 13. Nxd5 Qxd5 14. Bc4
Qf5 15. Re1 Rxe1+ 16. Qxe1 Be6 17. Bxe6 Qxe6 18. Qxe6 fxe6 19. Rc1 c6 20. Kf1
Rd8 21. Rc4 Rd5 22. Bc3 Kf7 23. Ke2 Ke8 24. Kd3 Bf8 25. Ra4 a6 26. Ra5 1/2-1/2

[Event "Liga Madrileña - DH 2016-2017"]
[Site "Madrid ESP"]
[Date "2017.03.12"]
[Round "13.44"]
[White "Beltran de Heredia Eguiaz, Miguel Angel"]
[Black "Nieto de la Cruz, Julio"]
[Result "1-0"]
[WhiteElo "2224"]
[BlackElo "2144"]
[PlyCount "68"]
[EventDate "2016.11.20"]
[EventType "team-tourn"]
[EventRounds "14"]
[EventCountry "ESP"]
[SourceTitle "Ajedrez en Madrid"]
[Source "lmi"]
[SourceDate "2016.11.20"]
[WhiteTeam "Blanco y Negro"]
[BlackTeam "Pueblo Nuevo"]

1. e4 c5 2. Nf3 d6 3. d4 Nf6 4. Nc3 cxd4 5. Nxd4 g6 6. Be3 Bg7 7. f3 O-O 8. Qd2
Nc6 9. Bc4 Bd7 10. O-O-O Rb8 11. Bb3 b5 12. Ndxb5 Na5 13. Nd4 Qc7 14. h4 Rfc8
15. h5 Nxb3+ 16. axb3 a5 17. hxg6 fxg6 18. Bh6 Bh8 19. Bg5 a4 20. Bxf6 exf6 21.
Nd5 Qd8 22. Qh6 Bg7 23. Qxh7+ Kf7 24. Rh6 axb3 25. Rxg6 Qh8 26. Rxf6+ Ke8 27.
Qg6+ Kd8 28. Rxd6 Bxd4 29. Qg5+ Bf6 30. Nxf6 Rxc2+ 31. Kb1 Rb7 32. Qa5+ Kc8 33.
Rxd7 Rxd7 34. Qa8+ Kc7 1-0

[Event "Liga Madrileña - DH 2016-2017"]
[Site "Madrid ESP"]
[Date "2017.03.12"]
[Round "12.45"]
[White "Barez Menendez, Hector"]
[Black "Shen, Yue"]
[Result "0-1"]
[WhiteElo "2142"]
[BlackElo "2223"]
[PlyCount "104"]
[EventDate "2016.11.20"]
[EventType "team-tourn"]
[EventRounds "14"]
[EventCountry "ESP"]
[SourceTitle "Ajedrez en Madrid"]
[Source "lmi"]
[SourceDate "2016.11.20"]
[WhiteTeam "Pueblo Nuevo"]
[BlackTeam "Blanco y Negro"]

1. Nf3 Nf6 2. c4 b6 3. g3 Bb7 4. Bg2 c5 5. O-O e6 6. Nc3 Be7 7. d4 cxd4 8. Qxd4
d6 9. e4 O-O 10. Qe3 Nbd7 11. Nd4 a6 12. b3 Rc8 13. Bb2 Rc7 14. Rfe1 Qa8 15.
Rad1 Rd8 16. Re2 Nc5 17. f3 Bf8 18. Kh1 Ne8 19. Qf2 Rcc8 20. Bh3 Nc7 21. Red2
Rb8 22. Bg2 g6 23. Nc2 b5 24. cxb5 axb5 25. Ne3 b4 26. Ne2 Nb5 27. Ng4 e5 28.
Nf6+ Kh8 29. Nd5 Bxd5 30. Rxd5 Bg7 31. Nc1 Ne6 32. f4 Kg8 33. fxe5 dxe5 34. Rf1
Qa7 35. Qxa7 Nxa7 36. Bxe5 Bxe5 37. Rxe5 Nb5 38. Bh3 Rb6 39. Bxe6 fxe6 40. Ne2
Rd2 41. Nf4 Nd4 42. Ra5 Rc6 43. h4 Rcc2 44. g4 Rh2+ 45. Kg1 Rxh4 46. Nd3 Rxg4+
47. Kh1 Rh4+ 48. Kg1 Rg4+ 49. Kh1 Rg3 50. Ra8+ Kg7 51. Ra7+ Kh6 52. Rff7 Rxd3
0-1

[Event "Liga Madrileña - DH 2016-2017"]
[Site "Madrid ESP"]
[Date "2017.03.12"]
[Round "13.46"]
[White "Alba Linero, Emilio"]
[Black "Navarro Nicolas, Victor Manuel"]
[Result "1-0"]
[WhiteElo "2202"]
[BlackElo "2077"]
[PlyCount "63"]
[EventDate "2016.11.20"]
[EventType "team-tourn"]
[EventRounds "14"]
[EventCountry "ESP"]
[SourceTitle "Ajedrez en Madrid"]
[Source "lmi"]
[SourceDate "2016.11.20"]
[WhiteTeam "Blanco y Negro"]
[BlackTeam "Pueblo Nuevo"]

1. e4 c6 2. d3 d5 3. Nd2 e5 4. Ngf3 Bd6 5. d4 exd4 6. exd5 cxd5 7. Nxd4 Ne7 8.
Be2 O-O 9. O-O Nbc6 10. N2f3 Bg4 11. Bg5 Qd7 12. Bh4 Ng6 13. Bg3 Nf4 14. Bb5 a6
15. Qd2 Qc7 16. Ba4 Ne5 17. Nxe5 Bxe5 18. Rfe1 Bd6 19. c3 Ne6 20. Bd1 Bxd1 21.
Raxd1 Rfe8 22. Nf5 Bxg3 23. hxg3 Rad8 24. Nd4 Qc4 25. Nxe6 fxe6 26. Qg5 Rd7 27.
a3 b5 28. Rd4 Qa2 29. Qd2 e5 30. f4 exd4 31. Rxe8+ Kf7 32. Qe1 1-0

[Event "Liga Madrileña - DH 2016-2017"]
[Site "Madrid ESP"]
[Date "2017.03.19"]
[Round "14.21"]
[White "Alarcia Astiz, Carlos"]
[Black "Perez Mitjans, Orelvis"]
[Result "0-1"]
[WhiteElo "2331"]
[BlackElo "2432"]
[PlyCount "82"]
[EventDate "2016.11.20"]
[EventType "team-tourn"]
[EventRounds "14"]
[EventCountry "ESP"]
[SourceTitle "Ajedrez en Madrid"]
[Source "lmi"]
[SourceDate "2016.11.20"]
[WhiteTeam "Blanco y Negro"]
[BlackTeam "64 Villalba"]
[WhiteTeamCountry "ESP"]
[BlackTeamCountry "ESP"]

1. d4 d5 2. Nf3 Nc6 3. Bf4 Bg4 4. Nbd2 e6 5. e3 Bd6 6. Bxd6 Qxd6 7. Be2 f5 8.
a3 Nf6 9. c4 O-O 10. O-O a5 11. Rc1 Nd7 12. g3 h6 13. cxd5 exd5 14. Nb3 Nd8 15.
Nc5 Bxf3 16. Bxf3 c6 17. Qb3 Nxc5 18. Rxc5 Ne6 19. Rcc1 Qd7 20. Bg2 Rf7 21. Qa4
Qd8 22. Rc3 h5 23. Qd1 g6 24. h4 a4 25. f4 Re7 26. Qd2 Nc7 27. Rc5 Ne8 28. Kf2
Nd6 29. Rc3 Qb6 30. Re1 Ra5 31. b4 axb3 32. Rxb3 Qa7 33. Qb4 Re6 34. Reb1 b5
35. Qc5 Qxc5 36. dxc5 Nc4 37. Ra1 Re7 38. Bf1 Nd2 39. Rd3 Ne4+ 40. Kf3 Rea7 41.
Ra2 b4 0-1